000
00266 a2200121 4500
001
86514
082
_a
398.2 AQE
090
_c
40687
_d
40687
100
_a
Aqeel Ahmed Robi
245
_a
Fahian
_h
Urdu
260
_a
Islamabad
_b
Lok Virsa
_c
Islamabad
300
_a
174p.
942
_a
CAENUST
_k
398.2 AQE
999
_c
321587
_d
321587